000 00627cam a2200217 a 4500
001 950462
005 20180201095127.0
008 840123s1984 mau b 001 0 eng
010 _a 84000625
020 _a0674046803 (pbk. : alk. paper)
040 _aDLC
_cDLC
_dDLC
_dOCoLC
041 _aeng
080 _a378..125 mar
082 0 0 _a378..125 mar
_219
100 _a48
101 _aedu
245 0 4 _aThe Art and craft of teaching /
_cedited by Margaret Morganroth Gullette.
504 _aIncludes bibliographical references and index.
906 _a7
_bcbc
_corignew
_d1
_eocip
_f19
_gy-gencatlg
942 _2ddc
_cBK
999 _c41568
_d41568